| 000 | 00884nam a2200157 i 4500 | ||
|---|---|---|---|
| 001 | 167770 | ||
| 003 | ES-MaACL | ||
| 005 | 20230906213607.0 | ||
| 008 | 191121m19551970sp | |||||||| ||cat d | ||
| 245 | 0 | 4 | _aLes Nostres devocions. |
| 260 |
_aBarcelona : _bTorrell de Reus, _c1955-1970. |
||
| 300 |
_a9 v. : _bil. ; _c34 cm. |
||
| 505 | 8 | _aContiene: 6. La Mare de Déu de Lord, dels Colls i de la Pietat -- 7. Santa Maria de Scala-Dei (el Priorat) -- 8. Sant Jordi Màrtir, patró del principat -- 9. La Sagrada Família (Barcelona) -- 10. La Mare de Déu de la Mercè (Barcelona)) -- 11. Santa Maria de Poblet (Conca de Barberà) -- 12. Santa Maria de Pedralbes, assumpció de la Verge Maria -- 14. Sant Josep Oriol, taumaturg barceloní -- 15. La Mare de Déu de l'Abellera, Prades (Baix Camp) | |
| 650 | 4 |
_aVirgen María- _xCulto- _zCataluña. _9168827 |
|
| 852 |
_aES-MaACL _jP-1062 |
||
| 999 |
_c167770 _d167770 |
||